Ley 100 de 1993 / (Registro nro. 12537)
[ vista simple ]
| 000 -LEADER | |
|---|---|
| fixed length control field | 00785nam a2200217Ia 4500 |
| 003 - CONTROL NUMBER IDENTIFIER | |
| control field | OSt |
| 005 - DATE AND TIME OF LATEST TRANSACTION | |
| control field | 20210929135357.0 |
| 008 - FIXED-LENGTH DATA ELEMENTS--GENERAL INFORMATION | |
| fixed length control field | 210310s1993 ck gr 000 0 spa d |
| 040 ## - CATALOGING SOURCE | |
| Original cataloging agency | CO-JMCR |
| Transcribing agency | CO-JMCR |
| 041 0# - LANGUAGE CODE | |
| Language code of text/sound track or separate title | spa |
| 082 04 - DEWEY DECIMAL CLASSIFICATION NUMBER | |
| Classification number | 338.02861 / |
| Item number | C695l |
| Edition number | 23 |
| 110 1# - MAIN ENTRY--CORPORATE NAME | |
| Corporate name or jurisdiction name as entry element | Colfondos |
| 9 (RLIN) | 40860 |
| 245 10 - TITLE STATEMENT | |
| Title | Ley 100 de 1993 / |
| Statement of responsibility, etc. | Colfondos |
| 260 ## - PUBLICATION, DISTRIBUTION, ETC. | |
| Place of publication, distribution, etc. | Bogotá : |
| Name of publisher, distributor, etc. | Colfondos, |
| Date of publication, distribution, etc. | 1993. |
| 300 ## - PHYSICAL DESCRIPTION | |
| Extent | 152 páginas ; |
| Dimensions | 22 cm. |
| 505 0# - FORMATTED CONTENTS NOTE | |
| Formatted contents note | Sistema general de pensiones. -- El sistema general de seguridad. -- Sistema general de riesgos profesionales. -- Servicios sociales complementarios. |
| 650 14 - SUBJECT ADDED ENTRY--TOPICAL TERM | |
| Topical term or geographic name entry element | Seguridad social |
| General subdivision | Ley |
| Geographic subdivision | Colombia |
| 9 (RLIN) | 40861 |
| 650 24 - SUBJECT ADDED ENTRY--TOPICAL TERM | |
| Geographic subdivision | Regimen de ahorro individual |
| Topical term or geographic name entry element | Colombia |
| 9 (RLIN) | 40862 |
| 650 24 - SUBJECT ADDED ENTRY--TOPICAL TERM | |
| Topical term or geographic name entry element | Sistema general |
| General subdivision | Pensiones |
| Geographic subdivision | Colombia |
| 9 (RLIN) | 40863 |
| 942 ## - ADDED ENTRY ELEMENTS (KOHA) | |
| Source of classification or shelving scheme | Dewey Decimal Classification |
| Koha item type | Books |
| Withdrawn status | Lost status | Source of classification or shelving scheme | Damaged status | Not for loan | Home library | Current library | Shelving location | Date acquired | Source of acquisition | Full call number | Barcode | Date last seen | Copy number | Price effective from | Koha item type |
|---|---|---|---|---|---|---|---|---|---|---|---|---|---|---|---|
| Dewey Decimal Classification | Biblioteca Pública José María del Castillo y Rada | Biblioteca Pública José María del Castillo y Rada | General Stacks | 04/15/2018 | $0. | 338.02861 / C695l | 430004809 | 05/16/2024 | Ej.1 | 03/10/2021 | Books |